| 000 | 00646nam a2200253Ia 4500 | ||
|---|---|---|---|
| 005 | 20260121114143.0 | ||
| 008 | 008 260114s9999 xx 000 0 eng d | ||
| 020 | _a9783527820115 | ||
| 037 | _aEBOOK | ||
| 040 | _aCRL | ||
| 040 | _beng | ||
| 040 | _cCRL | ||
| 041 | _2eng | ||
| 041 | _aeng | ||
| 084 | _qCRL | ||
| 100 |
_aSrabanti Ghosh _9971504 |
||
| 245 | 0 | _aConjugated Polymer Nanostructures for Energy Conversion and Storage Applications | |
| 260 | _bWiley | ||
| 260 | _c2021 | ||
| 856 | _uhttps://onlinelibrary.wiley.com/doi/book/10.1002/9783527820115 | ||
| 942 | _cEBOOK | ||
| 999 |
_c1550758 _d1550758 |
||